[Event "Kasseler Schachtage Gruppe B"]
[Site "Vellmar"]
[Date "2009.08.01"]
[Round "4.11"]
[White "Gibhardt, Peter"]
[Black "Kleist, Sören"]
[Result "1-0"]
[WhiteElo "1487"]
[BlackElo "1328"]
[PlyCount "69"]
[EventDate "2009.??.??"]
[EventCountry "GER"]
[WhiteTeam "SK Baunatal 1963"]
[BlackTeam "SV Bückeburg"]

1. e4 e5 2. Nf3 Nc6 3. Bb5 a6 4. Ba4 b5 5. Bb3 Bc5 6. Nc3 d6 7. d3 Bg4 8. h3
Bh5 9. g4 Bg6 10. Bg5 Nge7 11. Nd5 h6 12. Bh4 O-O 13. Qd2 Qd7 14. Bxe7 Nxe7 15.
Nh4 c6 16. Nxe7+ Kh7 17. Nexg6 fxg6 18. Rf1 Qa7 19. c3 Rf6 20. O-O-O Rxf2 21.
Rxf2 Be3 22. Rf7 Bxd2+ 23. Kxd2 Qc5 24. Rdf1 d5 25. R1f6 g5 26. d4 exd4 27. Nf5
dxc3+ 28. Ke2 Ra7 29. Rxh6+ Kg8 30. Rxa7 Qxa7 31. Rxc6 cxb2 32. Bc2 Qg1 33.
exd5 Qg2+ 34. Ke1 Qxd5 35. Ne7+ 1-0

[Event "Kasseler Schachtage Gruppe B"]
[Site "Vellmar"]
[Date "2009.08.01"]
[Round "4.12"]
[White "Engel, Markus"]
[Black "Kowohl, Ewald"]
[Result "1-0"]
[WhiteElo "1390"]
[BlackElo "1178"]
[PlyCount "81"]
[EventDate "2009.??.??"]
[EventCountry "GER"]
[WhiteTeam "Kasseler SK 1876"]
[BlackTeam "SK 1947 Sulzfeld"]

1. Nf3 d5 2. d4 c5 3. dxc5 Nc6 4. c3 e5 5. e3 Bxc5 6. b4 Bb6 7. b5 e4 8. bxc6
exf3 9. cxb7 Bxb7 10. Bb5+ Kf8 11. Ba3+ Ne7 12. Qxf3 Qc7 13. Qg4 Kg8 14. O-O
Ng6 15. Bb2 h5 16. Qd7 Rd8 17. Qxc7 Bxc7 18. Nd2 Rd6 19. Bd3 Ne5 20. Bc2 h4 21.
h3 Rh5 22. f4 Nc4 23. Nxc4 dxc4 24. Rad1 Bc8 25. Rxd6 Bxd6 26. Rd1 Bc7 27. a4
g6 28. Kf2 Be6 29. Ba3 Kg7 30. Kf3 Kf6 31. e4 Kg7 32. e5 f6 33. Bd6 Bb6 34.
exf6+ Kxf6 35. Be5+ Kf7 36. Rd6 Bc7 37. Bxg6+ Ke7 38. Rxe6+ Kxe6 39. Bxh5 Bxe5
40. fxe5 Kxe5 41. Bf7 1-0

[Event "Kasseler Schachtage Gruppe B"]
[Site "Vellmar"]
[Date "2009.08.01"]
[Round "4.13"]
[White "Meiss, Sven"]
[Black "Krause, Jörg"]
[Result "1/2-1/2"]
[WhiteElo "1372"]
[BlackElo "1081"]
[PlyCount "55"]
[EventDate "2009.??.??"]
[EventCountry "GER"]
[WhiteTeam "Ahnataler SC 1969 e.V. (ASC69)"]
[BlackTeam "Mündener SC von 1925"]

1. e4 c6 2. d4 d5 3. Nc3 dxe4 4. Nxe4 Bf5 5. Ng3 Bg6 6. Nf3 Nd7 7. Nh4 Qb6 8.
Nxg6 hxg6 9. Bc4 e6 10. c3 O-O-O 11. Qb3 Qxb3 12. Bxb3 Bd6 13. Ne4 Nb6 14.
Nxd6+ Rxd6 15. Bf4 Rd8 16. O-O-O Ne7 17. Rhe1 Nbd5 18. Bxd5 Nxd5 19. Be5 Nf6
20. h3 g5 21. f3 Rh4 22. Bg3 Rh7 23. Bf2 g6 24. Re5 Rd5 25. Rxd5 Nxd5 26. Rd2
b5 27. Kc2 f5 28. Kd1 1/2-1/2

[Event "Kasseler Schachtage Gruppe B"]
[Site "Vellmar"]
[Date "2009.08.01"]
[Round "4.14"]
[White "Kretzschmar, Arnd"]
[Black "Schützler, Bernd"]
[Result "1-0"]
[WhiteElo "1316"]
[BlackElo "1081"]
[PlyCount "53"]
[EventDate "2009.??.??"]
[EventCountry "GER"]
[WhiteTeam "SG Döllnitz"]
[BlackTeam "SVg Calenberg"]

1. e4 e5 2. Nf3 Nc6 3. d4 exd4 4. Nxd4 Bc5 5. Be3 Qf6 6. c3 Nge7 7. Be2 O-O 8.
O-O d5 9. Nxc6 Qxc6 10. Bxc5 Qxc5 11. Bf3 Be6 12. Qd4 Qc6 13. Rd1 Rfd8 14. Na3
Rd7 15. exd5 Bxd5 16. Bxd5 Rxd5 17. Qe3 Rxd1+ 18. Rxd1 Ng6 19. h3 b6 20. Nc2
Re8 21. Nd4 Qa4 22. Qd2 Qxa2 23. Nc6 a5 24. Qd8 Rxd8 25. Rxd8+ Nf8 26. Ne7+ Kh8
27. Rxf8# 1-0

[Event "Kasseler Schachtage Gruppe B"]
[Site "Vellmar"]
[Date "2009.08.01"]
[Round "4.15"]
[White "Weindel, Joshua"]
[Black "Karnbach, Oliver"]
[Result "1-0"]
[WhiteElo "1194"]
[BlackElo "1213"]
[PlyCount "63"]
[EventDate "2009.??.??"]
[EventCountry "GER"]
[WhiteTeam "SK Landau"]
[BlackTeam "SV Bückeburg"]

1. d4 d5 2. Bf4 Bf5 3. e3 Nf6 4. Nf3 e6 5. Ne5 Bd6 6. Be2 O-O 7. g4 Bg6 8. h4
h6 9. Nxg6 fxg6 10. Bxd6 Qxd6 11. Bd3 b6 12. Bxg6 Qb4+ 13. Nd2 Qxb2 14. g5 Nh7
15. gxh6 gxh6 16. Rb1 Qa3 17. Qh5 Nd7 18. Qxh6 Qe7 19. Rg1 Kh8 20. Bxh7 Qxh7
21. Rg6 Rae8 22. Qxh7+ Kxh7 23. Rg5 Rf6 24. Ke2 Ref8 25. f4 Rh6 26. Rbg1 Rf7
27. Nf3 c5 28. dxc5 bxc5 29. Rh1 Rg6 30. Rh5+ Rh6 31. Ng5+ Kg6 32. Rxh6+ 1-0

[Event "Kasseler Schachtage Gruppe B"]
[Site "Vellmar"]
[Date "2009.08.01"]
[Round "5.1"]
[White "Heckmann, Torsten"]
[Black "Kaiser, Joachim"]
[Result "1-0"]
[WhiteElo "1668"]
[BlackElo "1675"]
[PlyCount "55"]
[EventDate "2009.??.??"]
[EventCountry "GER"]
[WhiteTeam "SV CAISSA e. V. Kassel"]
[BlackTeam "SAbt FSK Lohfelden"]

1. e4 c5 2. Nf3 e6 3. d4 cxd4 4. Nxd4 a6 5. Be2 Qc7 6. Be3 Nf6 7. Nd2 Nc6 8.
Nxc6 dxc6 9. O-O Bd6 10. f4 e5 11. f5 b5 12. c4 Bb4 13. Qc2 Bxd2 14. Bxd2 Qb6+
15. Kh1 Qd4 16. Rad1 Qxe4 17. Bd3 Qg4 18. Bb4 bxc4 19. Bxc4 c5 20. Bxc5 Bd7 21.
Qb3 Qh5 22. Rfe1 Qxf5 23. Bxf7+ Kd8 24. Be6 Qf4 25. Qb6+ Ke8 26. Qd6 Kd8 27.
Bxd7 Nxd7 28. Qxd7# 1-0

[Event "Kasseler Schachtage Gruppe B"]
[Site "Vellmar"]
[Date "2009.08.01"]
[Round "5.2"]
[White "Wagner, Andreas"]
[Black "Alefs, Willi"]
[Result "1-0"]
[WhiteElo "1781"]
[BlackElo "1681"]
[PlyCount "83"]
[EventDate "2009.??.??"]
[EventCountry "GER"]
[WhiteTeam "SK 1950 Vellmar"]
[BlackTeam "SC Fuldatal"]

1. d4 Nf6 2. c4 e6 3. Nf3 b6 4. Bg5 Be7 5. Nc3 Bb7 6. Qc2 Nc6 7. a3 h6 8. Bh4
d6 9. e4 O-O 10. e5 Nh7 11. Bxe7 Nxe7 12. Bd3 g6 13. O-O-O Nf5 14. Ne4 d5 15.
cxd5 Bxd5 16. g4 Ne7 17. h4 Rc8 18. Ba6 Rb8 19. Be2 Kg7 20. Nf6 Nxf6 21. exf6+
Kxf6 22. g5+ hxg5 23. Qd2 Nf5 24. Qxg5+ Kg7 25. Qf4 Qd6 26. Qg4 Nh6 27. Qh3
Qc6+ 28. Kd2 Be4 29. h5 Bf5 30. Qg3 Qd6 31. Qh4 Qd8 32. Qf4 Rh8 33. Ne5 g5 34.
Rdg1 Qd6 35. Qxg5+ Kf8 36. Qg7+ Ke7 37. Qg5+ Ke8 38. Bb5+ Kf8 39. Nd7+ Ke8 40.
Nxb8+ Kf8 41. Nd7+ Ke8 42. Nf6+ 1-0

[Event "Kasseler Schachtage Gruppe B"]
[Site "Vellmar"]
[Date "2009.08.01"]
[Round "5.3"]
[White "Shkolnyk, Anastasiya"]
[Black "Naujocks, Christian"]
[Result "0-1"]
[WhiteElo "1491"]
[BlackElo "1560"]
[PlyCount "132"]
[EventDate "2009.??.??"]
[EventCountry "GER"]
[WhiteTeam "Sfr. Korbach"]
[BlackTeam "Sfr. Korbach"]

1. e4 c5 2. d4 cxd4 3. c3 dxc3 4. Nxc3 Nc6 5. Bf4 Qa5 6. Bc4 Nf6 7. Bd2 e6 8.
Nd5 Qd8 9. Nxf6+ Qxf6 10. Bc3 Qg6 11. Qf3 Bc5 12. Ne2 e5 13. a3 d6 14. O-O O-O
15. Rad1 Bg4 16. Qg3 Bxe2 17. Qxg6 hxg6 18. Bxe2 Bd4 19. Bb5 Bxc3 20. Bxc6 bxc6
21. bxc3 Rfd8 22. Rd3 f5 23. f3 Kf7 24. Rfd1 Ke6 25. c4 Rd7 26. Kf2 Rad8 27.
Ke3 d5 28. cxd5+ cxd5 29. exd5+ Rxd5 30. Rxd5 Rxd5 31. Rb1 f4+ 32. Ke2 Rd7 33.
Rb2 g5 34. h3 g6 35. Rb3 Kf5 36. Rb4 Rd4 37. Rb7 Ra4 38. Rb3 a6 39. Rc3 Ra5 40.
Rb3 Rb5 41. Rc3 e4 42. fxe4+ Kxe4 43. Rc6 Ra5 44. Rc4+ Kf5 45. Rc3 g4 46. hxg4+
Kxg4 47. Rb3 g5 48. Kf2 Re5 49. a4 Re4 50. Ra3 Kf5 51. a5 g4 52. Ra2 Kg5 53.
Ra3 Kh4 54. Ra1 Re3 55. Rh1+ Kg5 56. Ra1 g3+ 57. Kf1 f3 58. gxf3 Rxf3+ 59. Kg2
Kg4 60. Ra4+ Rf4 61. Ra3 Rf2+ 62. Kg1 Rf3 63. Ra2 Kh3 64. Ra4 Rd3 65. Ra1 g2
66. Ra2 Rd1+ 0-1

[Event "Kasseler Schachtage Gruppe B"]
[Site "Vellmar"]
[Date "2009.08.01"]
[Round "5.4"]
[White "Rother, Wilfried"]
[Black "Niemeyer, Norbert"]
[Result "0-1"]
[WhiteElo "1553"]
[BlackElo "1556"]
[PlyCount "64"]
[EventDate "2009.??.??"]
[EventCountry "GER"]
[WhiteTeam "SK 1950 Vellmar"]
[BlackTeam "Mündener SC von 1925"]

1. c4 Nf6 2. Nc3 g6 3. e4 d6 4. d4 Bg7 5. Be2 O-O 6. Be3 Nbd7 7. Qd2 Re8 8. g4
Nf8 9. g5 Ng4 10. h4 Nxe3 11. fxe3 c5 12. O-O-O Bd7 13. Nh3 cxd4 14. exd4 Ne6
15. e5 dxe5 16. d5 Nd4 17. Bd3 Qc8 18. Nf2 f5 19. gxf6 exf6 20. Nfe4 Rf8 21. h5
gxh5 22. Nd6 Qc7 23. Bxh7+ Kxh7 24. Rxh5+ Kg8 25. Rg1 Qxd6 26. Rxg7+ Kxg7 27.
Ne4 Qa6 28. Qg2+ Kf7 29. Rh7+ Ke8 30. b3 Bf5 31. Rc7 Qa3+ 32. Kd1 Nxb3 0-1

[Event "Kasseler Schachtage Gruppe B"]
[Site "Vellmar"]
[Date "2009.08.01"]
[Round "5.5"]
[White "Käding, Wolfgang"]
[Black "Benedikt, Alexander"]
[Result "1-0"]
[WhiteElo "1613"]
[BlackElo "1464"]
[PlyCount "47"]
[EventDate "2009.??.??"]
[EventCountry "GER"]
[WhiteTeam "Sfr. Korbach"]
[BlackTeam "SK 1950 Vellmar"]

1. e4 e6 2. d4 c5 3. c3 cxd4 4. cxd4 Bb4+ 5. Bd2 Bxd2+ 6. Qxd2 d5 7. exd5 Qxd5
8. Nc3 Qa5 9. Nf3 Nc6 10. Bb5 Bd7 11. Qg5 g6 12. Bxc6 Qxg5 13. Bxd7+ Kxd7 14.
Nxg5 Ke7 15. O-O Nf6 16. Rfe1 Rad8 17. Rad1 h6 18. Nge4 Nxe4 19. Nxe4 b6 20.
Rd3 Rd7 21. Red1 f5 22. Nc3 Rhd8 23. Kf1 e5 24. d5 1-0

[Event "Kasseler Schachtage Gruppe B"]
[Site "Vellmar"]
[Date "2009.08.01"]
[Round "5.6"]
[White "Kartseva, Nataly"]
[Black "Rempe, Moritz"]
[Result "0-1"]
[WhiteElo "1348"]
[BlackElo "1330"]
[PlyCount "42"]
[EventDate "2009.??.??"]
[EventCountry "GER"]
[WhiteTeam "Schachfreunde Brackel 1930 e.V."]
[BlackTeam "LSV/ Turm Lippstadt 96"]

1. d4 d5 2. Bg5 f6 3. Bf4 Nc6 4. Nf3 Bg4 5. h3 Bxf3 6. exf3 e5 7. Be3 Nge7 8.
c3 a6 9. Bd3 Qd7 10. Qc2 g6 11. Nd2 Nf5 12. Bxf5 Qxf5 13. Qb3 O-O-O 14. O-O-O
g5 15. Nf1 h5 16. Ng3 Qd7 17. Qc2 Qh7 18. Rd3 exd4 19. cxd4 Nb4 20. Qxc7+ Kxc7
21. Rc3+ Kb8 0-1

[Event "Kasseler Schachtage Gruppe B"]
[Site "Vellmar"]
[Date "2009.08.01"]
[Round "5.7"]
[White "Pichl, Uwe-Rolf"]
[Black "Gibhardt, Peter"]
[Result "0-1"]
[WhiteElo "1770"]
[BlackElo "1487"]
[PlyCount "106"]
[EventDate "2009.??.??"]
[EventCountry "GER"]
[WhiteTeam "Kasseler SK 1876"]
[BlackTeam "SK Baunatal 1963"]

1. d4 Nf6 2. Nf3 e6 3. c4 c5 4. Nc3 cxd4 5. Nxd4 a6 6. g3 Nc6 7. Bg2 Be7 8. O-O
O-O 9. a3 Nxd4 10. Qxd4 d6 11. b4 e5 12. Qd3 Qc7 13. Bb2 Be6 14. Nd5 Nxd5 15.
cxd5 Bd7 16. Rac1 Qb6 17. Rc2 Ba4 18. Rc3 Bf6 19. Qe4 Rac8 20. Rxc8 Rxc8 21.
Qf5 Qd8 22. Be4 g6 23. Qf3 Bc2 24. Qg4 Rc4 25. f3 h5 26. Qh3 Bxe4 27. fxe4 Rc2
28. Bc1 Qb6+ 29. Kh1 Qd4 30. Qg2 Qc4 31. Bh6 Bg7 32. Qf3 Qc7 33. Bxg7 Kxg7 34.
Qf6+ Kg8 35. Rf2 Ra2 36. Qf3 Rc2 37. Qb3 b5 38. Kg2 Rc3 39. Qa2 Rc2 40. Qa1 Qc4
41. Kf3 g5 42. h3 Rc3+ 43. e3 Qd3 44. Qe1 Rc4 45. Rd2 Qxe4+ 46. Kf2 Rc2 47. Qe2
Rxd2 48. Qxd2 Qf5+ 49. Kg2 e4 50. Qd1 g4 51. hxg4 hxg4 52. Qd2 Qf3+ 53. Kh2 Qf1
0-1

[Event "Kasseler Schachtage Gruppe B"]
[Site "Vellmar"]
[Date "2009.08.01"]
[Round "5.8"]
[White "Engel, Markus"]
[Black "Schippa, Robert"]
[Result "0-1"]
[WhiteElo "1390"]
[BlackElo "1594"]
[PlyCount "56"]
[EventDate "2009.??.??"]
[EventCountry "GER"]
[WhiteTeam "Kasseler SK 1876"]
[BlackTeam "SV Bückeburg"]

1. Nf3 Nf6 2. d4 g6 3. c4 Bg7 4. Nc3 d6 5. e4 O-O 6. Be2 e5 7. dxe5 dxe5 8. Bg5
Qxd1+ 9. Rxd1 Re8 10. Bxf6 Bxf6 11. Nd5 Bd8 12. O-O c6 13. Ne3 Bc7 14. b4 Nd7
15. c5 Nf6 16. Nd2 Be6 17. Bc4 Bxc4 18. Nexc4 Rad8 19. Rfe1 Rd4 20. f3 Red8 21.
Kf1 b5 22. cxb6 axb6 23. Ke2 b5 24. Na5 Bxa5 25. bxa5 Ra4 26. Rc1 Rxa2 27. Red1
Rd6 28. Ra1 Rdxd2+ 0-1

[Event "Kasseler Schachtage Gruppe B"]
[Site "Vellmar"]
[Date "2009.08.01"]
[Round "5.9"]
[White "Smirnov, Alexej"]
[Black "Powalla, Christian"]
[Result "1-0"]
[WhiteElo "1334"]
[BlackElo "1455"]
[PlyCount "101"]
[EventDate "2009.??.??"]
[EventCountry "GER"]
[WhiteTeam "SV Bückeburg"]
[BlackTeam "SV CAISSA e. V. Kassel"]

1. e4 e5 2. Nf3 Nc6 3. Bb5 d6 4. d4 exd4 5. Nxd4 Bd7 6. Nxc6 Bxc6 7. Bxc6+ bxc6
8. O-O Be7 9. Nc3 Bg5 10. Qg4 f6 11. Bxg5 fxg5 12. Rfe1 Qf6 13. Rad1 Qe5 14.
Qe2 Ne7 15. Qa6 O-O 16. Qc4+ Kh8 17. b3 Rae8 18. Qd4 Qa5 19. a4 d5 20. b4 Qa6
21. Qc5 dxe4 22. Rxe4 Qb6 23. Qxb6 cxb6 24. Rde1 Rf7 25. Re6 h6 26. Rxc6 Nxc6
27. Rxe8+ Kh7 28. Re4 Rd7 29. Kf1 Rd2 30. Rc4 Nd4 31. Ke1 Rxc2 32. Rxd4 Rxc3
33. Rd7 Rc4 34. Rxa7 Rxb4 35. Ra6 Rb2 36. g3 Kg8 37. Ra8+ Kf7 38. Rb8 Ke7 39.
a5 b5 40. a6 Ra2 41. Rb7+ Kf6 42. a7 b4 43. Kd1 b3 44. Kc1 b2+ 45. Kb1 Ra1+ 46.
Kxb2 Ra6 47. Kb3 g6 48. Kb4 Ra2 49. Kb5 Ke6 50. Rb6+ Kd7 51. Ra6 1-0

[Event "Kasseler Schachtage Gruppe B"]
[Site "Vellmar"]
[Date "2009.08.01"]
[Round "5.10"]
[White "Rehbein, Ullrich"]
[Black "Weindel, Joshua"]
[Result "1-0"]
[WhiteElo "1724"]
[BlackElo "1194"]
[PlyCount "89"]
[EventDate "2009.??.??"]
[EventCountry "GER"]
[WhiteTeam "SK 1950 Vellmar"]
[BlackTeam "SK Landau"]

1. Nf3 c5 2. g3 Nc6 3. Bg2 e5 4. O-O g6 5. c3 Bg7 6. Na3 Nge7 7. d3 h6 8. Nc2
O-O 9. d4 cxd4 10. cxd4 exd4 11. Ncxd4 Nxd4 12. Nxd4 Nc6 13. Nb5 Re8 14. Bf4
Ne5 15. Rc1 Re7 16. Qc2 d6 17. Rfd1 Rd7 18. Nxa7 Rxa7 19. Qxc8 Qxc8 20. Rxc8+
Kh7 21. a3 g5 22. Be3 Ra5 23. Be4+ Ng6 24. Rc2 d5 25. h4 gxh4 26. gxh4 h5 27.
Rcd2 Kg8 28. Bg5 d4 29. Rc2 Ra8 30. Rdc1 Be5 31. Bxg6 fxg6 32. f4 Bd6 33. Kf2
b6 34. Kf3 Bc5 35. b4 Bd6 36. Rc8+ Rxc8 37. Rxc8+ Kf7 38. Rd8 Rxd8 39. Bxd8 b5
40. Ke4 Ke6 41. Bg5 Be7 42. Bxe7 Kxe7 43. Kxd4 Kf6 44. e4 Ke6 45. Kc5 1-0

[Event "Kasseler Schachtage Gruppe B"]
[Site "Vellmar"]
[Date "2009.08.01"]
[Round "5.11"]
[White "Krause, Jörg"]
[Black "Kirsch, Winfried"]
[Result "0-1"]
[WhiteElo "1081"]
[BlackElo "1514"]
[PlyCount "70"]
[EventDate "2009.??.??"]
[EventCountry "GER"]
[WhiteTeam "Mündener SC von 1925"]
[BlackTeam "Mündener SC von 1925"]

1. d4 Nf6 2. Bg5 e6 3. c4 c6 4. g3 h6 5. Bxf6 Qxf6 6. Bg2 Bb4+ 7. Nc3 d5 8. c5
Nd7 9. Rc1 e5 10. e3 O-O 11. Nge2 e4 12. O-O g5 13. Nxd5 cxd5 14. Qb3 Ba5 15.
Qxd5 Re8 16. Bxe4 Qe6 17. Qxe6 Rxe6 18. Bf5 Ra6 19. a3 Nf8 20. Bxc8 Rxc8 21. b4
Bd8 22. Ra1 Bf6 23. Nc3 Rd8 24. Rfd1 Re6 25. a4 b6 26. Nb5 bxc5 27. bxc5 a6 28.
Nc7 Rc6 29. Nb5 axb5 30. axb5 Rcc8 31. b6 Ne6 32. b7 Rb8 33. Ra7 Nxc5 34. Ra8
Nxb7 35. Rxb8 Rxb8 0-1

[Event "Kasseler Schachtage Gruppe B"]
[Site "Vellmar"]
[Date "2009.08.01"]
[Round "5.13"]
[White "Kaierle, Dieter"]
[Black "Kleist, Sören"]
[Result "0-1"]
[WhiteElo "1394"]
[BlackElo "1328"]
[PlyCount "66"]
[EventDate "2009.??.??"]
[EventCountry "GER"]
[WhiteTeam "SC Fuldatal"]
[BlackTeam "SV Bückeburg"]

1. e4 e5 2. Nf3 Nc6 3. Bc4 Bc5 4. O-O d6 5. h3 Nf6 6. Re1 O-O 7. c3 Be6 8. Bxe6
fxe6 9. d4 exd4 10. cxd4 Bb6 11. Nbd2 Nxd4 12. Nxd4 Bxd4 13. Qb3 Qe7 14. Qxb7
Nh5 15. Nf3 Bb6 16. Qc6 Qf6 17. Qc4 Qg6 18. Qe2 Nf4 19. Bxf4 Rxf4 20. a3 Raf8
21. b4 Rxf3 22. Kh2 Rxf2 23. Qg4 Qxg4 24. hxg4 e5 25. Kg3 Rc2 26. Rf1 Rff2 27.
Rxf2 Rxf2 28. a4 Rb2 29. a5 Bd4 30. Ra4 c6 31. a6 Bc3 32. Ra3 Bxb4 33. Ra4 c5
0-1

[Event "Kasseler Schachtage Gruppe B"]
[Site "Vellmar"]
[Date "2009.08.01"]
[Round "5.14"]
[White "Pohl, Mike"]
[Black "Meiss, Sven"]
[Result "1/2-1/2"]
[WhiteElo "1229"]
[BlackElo "1372"]
[PlyCount "26"]
[EventDate "2009.??.??"]
[EventCountry "GER"]
[WhiteTeam "Schachfreunde Battenberg"]
[BlackTeam "Ahnataler SC 1969 e.V. (ASC69)"]

1. e4 e5 2. Nf3 Nc6 3. Bb5 Nf6 4. O-O Bc5 5. Nc3 d6 6. d4 exd4 7. Nxd4 Bd7 8.
Be3 Nxd4 9. Bxd7+ Qxd7 10. Bxd4 Bxd4 11. Qxd4 O-O 12. Rad1 Rfe8 13. Rfe1 Qc6
1/2-1/2

[Event "Kasseler Schachtage Gruppe B"]
[Site "Vellmar"]
[Date "2009.08.01"]
[Round "5.15"]
[White "Breiter, Jürgen"]
[Black "Kowohl, Ewald"]
[Result "0-1"]
[WhiteElo "1353"]
[BlackElo "1178"]
[PlyCount "86"]
[EventDate "2009.??.??"]
[EventCountry "GER"]
[WhiteTeam "Kasseler SK 1876"]
[BlackTeam "SK 1947 Sulzfeld"]

1. Nf3 d5 2. d4 Nc6 3. e3 Nf6 4. c4 Bf5 5. a3 e6 6. Nc3 a6 7. cxd5 exd5 8. Be2
Be7 9. O-O O-O 10. Bd2 b5 11. b4 Re8 12. Rc1 Nb8 13. Ne5 c6 14. f4 Nfd7 15. g4
Be4 16. Nxe4 Nxe5 17. fxe5 dxe4 18. Qb3 Rf8 19. Rf4 Bg5 20. Rxe4 Qd7 21. Rc5
Qe6 22. Qxe6 fxe6 23. Rc1 Ra7 24. Rf1 Raf7 25. Rxf7 Rxf7 26. Kg2 g6 27. Be1 Nd7
28. h4 Bd8 29. Rf4 Nb6 30. Rxf7 Kxf7 31. Kf3 g5 32. h5 Be7 33. Bd3 h6 34. Be4
Nc4 35. Bxc6 Nxa3 36. e4 Nc2 37. Bc3 Bxb4 38. Bxb4 Nxb4 39. d5 Nxc6 40. dxc6
Ke7 41. Ke3 Kd8 42. Kd4 Kc8 43. Kc5 Kc7 0-1

[Event "Kasseler Schachtage Gruppe B"]
[Site "Vellmar"]
[Date "2009.08.01"]
[Round "5.16"]
[White "Karnbach, Oliver"]
[Black "Schützler, Bernd"]
[Result "*"]
[WhiteElo "1213"]
[BlackElo "1081"]
[PlyCount "75"]
[EventDate "2009.??.??"]
[EventCountry "GER"]
[WhiteTeam "SV Bückeburg"]
[BlackTeam "SVg Calenberg"]

1. e4 e5 2. Nf3 Nc6 3. Bb5 Nf6 4. d3 d6 5. Be3 Bd7 6. O-O a6 7. Bc4 Na5 8. Bb3
Nxb3 9. axb3 Be7 10. Nbd2 O-O 11. c3 c5 12. c4 b5 13. Nb1 b4 14. Bg5 h6 15. Bh4
g5 16. Bg3 Nh5 17. h3 Nxg3 18. fxg3 g4 19. hxg4 Bxg4 20. Nbd2 Bf6 21. Qe1 Bg7
22. Nh2 Be6 23. Rf2 Qg5 24. Ndf1 f5 25. Qd2 f4 26. gxf4 exf4 27. Nf3 Qf6 28.
Re2 Bg4 29. N1h2 h5 30. Rae1 Qf7 31. Ng5 Bd4+ 32. Kh1 Qf6 33. Ngf3 Be5 34. Rf2
Qh6 35. d4 cxd4 36. Nxd4 Bxd4 37. Qxd4 f3 38. gxf3 *

[Event "Kasseler Schachtage Gruppe B"]
[Site "Vellmar"]
[Date "2009.08.02"]
[Round "6.1"]
[White "Wagner, Andreas"]
[Black "Heckmann, Torsten"]
[Result "1-0"]
[WhiteElo "1781"]
[BlackElo "1668"]
[PlyCount "85"]
[EventDate "2009.??.??"]
[EventCountry "GER"]
[WhiteTeam "SK 1950 Vellmar"]
[BlackTeam "SV CAISSA e. V. Kassel"]

1. d4 Nf6 2. Nf3 g6 3. c4 c5 4. d5 b5 5. cxb5 a6 6. Nc3 axb5 7. e4 b4 8. Nb5 d6
9. Bd3 Bg7 10. Bf4 O-O 11. Qd2 Ba6 12. a4 Nxe4 13. Qe2 Bxb5 14. Bxb5 Nc3 15.
Qc4 Nxb5 16. Qxb5 Bxb2 17. Ra2 Bc3+ 18. Nd2 e5 19. Be3 f5 20. Bh6 Rf7 21. O-O
Ra5 22. Bg5 Qxg5 23. Qxa5 Bxd2 24. Qb5 Nd7 25. a5 c4 26. Qxc4 Nc5 27. a6 Ra7
28. Qb5 Rxa6 29. Rxa6 Nxa6 30. Qxa6 Qd8 31. Ra1 Kg7 32. Qb7+ Kh6 33. Ra8 Qf6
34. Ra7 Qh8 35. h4 g5 36. Qe7 gxh4 37. Qxh4+ Kg6 38. Qe7 e4 39. Qxd6+ Qf6 40.
Qd7 b3 41. Qxh7+ Kg5 42. Rg7+ Kf4 43. Qh2# 1-0

[Event "Kasseler Schachtage Gruppe B"]
[Site "Vellmar"]
[Date "2009.08.02"]
[Round "6.2"]
[White "Naujocks, Christian"]
[Black "Kaiser, Joachim"]
[Result "0-1"]
[WhiteElo "1560"]
[BlackElo "1675"]
[PlyCount "100"]
[EventDate "2009.??.??"]
[EventCountry "GER"]
[WhiteTeam "Sfr. Korbach"]
[BlackTeam "SAbt FSK Lohfelden"]

1. e4 c5 2. Nf3 e6 3. d4 cxd4 4. Nxd4 a6 5. Bd3 Bc5 6. Nb3 Ba7 7. c4 Nc6 8. a3
Nge7 9. Nc3 Ne5 10. Be2 O-O 11. O-O d6 12. Kh1 Qc7 13. Nd2 Bd7 14. f4 N5g6 15.
Nf3 Bc6 16. h4 f5 17. Ng5 Rf6 18. h5 h6 19. Nxe6 Rxe6 20. hxg6 Rxg6 21. Bh5 Rf6
22. Nd5 Bxd5 23. cxd5 fxe4 24. Qe2 Nf5 25. Kh2 g6 26. Bg4 Re8 27. Bxf5 Rxf5 28.
g4 Rxd5 29. Be3 Bxe3 30. Qxe3 Rd3 31. Qe2 Qe7 32. g5 Qe6 33. Qg2 hxg5 34. fxg5
Qe5+ 35. Kh1 Kg7 36. Rac1 Rh8+ 37. Kg1 Qd4+ 38. Rf2 Rd1+ 39. Rxd1 Qxd1+ 40. Rf1
Qd4+ 41. Rf2 Rf8 42. Qg3 Qxf2+ 43. Qxf2 Rxf2 44. Kxf2 Kf7 45. Ke3 d5 46. b3 Ke6
47. Kf4 Kd6 48. b4 b5 49. Ke3 Ke5 50. Kd2 Kd4 0-1

[Event "Kasseler Schachtage Gruppe B"]
[Site "Vellmar"]
[Date "2009.08.02"]
[Round "6.3"]
[White "Niemeyer, Norbert"]
[Black "Rempe, Moritz"]
[Result "0-1"]
[WhiteElo "1556"]
[BlackElo "1330"]
[PlyCount "70"]
[EventDate "2009.??.??"]
[EventCountry "GER"]
[WhiteTeam "Mündener SC von 1925"]
[BlackTeam "LSV/ Turm Lippstadt 96"]

1. d4 d5 2. c4 e6 3. Nc3 Nf6 4. Bg5 Be7 5. Nf3 O-O 6. e3 h6 7. Bh4 b6 8. Rc1
Bb7 9. cxd5 exd5 10. Be2 Nbd7 11. O-O c5 12. Bd3 c4 13. Bb1 a6 14. a4 Bc6 15.
Qc2 g6 16. Bg3 Nh5 17. Ne5 Nxe5 18. Bxe5 Bd6 19. Bg3 Nxg3 20. hxg3 Re8 21. Kh2
Rxe3 22. fxe3 Qh4+ 23. Kg1 Bxg3 24. Rxf7 Qh2+ 25. Kf1 Qh1+ 26. Ke2 Qxg2+ 27.
Kd1 Qxc2+ 28. Bxc2 Kxf7 29. Ke2 h5 30. Rf1+ Kg7 31. e4 dxe4 32. d5 Bd7 33. Nxe4
Be5 34. Nc3 Bxc3 35. bxc3 Rf8 0-1

[Event "Kasseler Schachtage Gruppe B"]
[Site "Vellmar"]
[Date "2009.08.02"]
[Round "6.4"]
[White "Alefs, Willi"]
[Black "Käding, Wolfgang"]
[Result "1-0"]
[WhiteElo "1681"]
[BlackElo "1613"]
[PlyCount "65"]
[EventDate "2009.??.??"]
[EventCountry "GER"]
[WhiteTeam "SC Fuldatal"]
[BlackTeam "Sfr. Korbach"]

1. c4 c5 2. g3 g6 3. Bg2 Bg7 4. Nc3 e6 5. d3 Ne7 6. Rb1 Nbc6 7. Nf3 O-O 8. O-O
Rb8 9. Bf4 d6 10. Qd2 e5 11. Bh6 Nf5 12. Bxg7 Kxg7 13. Ng5 h6 14. Nge4 a6 15.
f4 f6 16. Nd5 Be6 17. fxe5 Nxe5 18. Nf4 Qe7 19. Nc3 Qf7 20. Nxe6+ Qxe6 21. Bh3
Qe8 22. Bxf5 gxf5 23. Rxf5 Qg6 24. Rbf1 Rf7 25. Ne4 Qg4 26. Kg2 Nxc4 27. R1f4
Qxf5 28. dxc4 Qe5 29. Rg4+ Kf8 30. Nxd6 Rd8 31. Qxh6+ Ke7 32. Nxf7 Kxf7 33.
Qh7+ 1-0

[Event "Kasseler Schachtage Gruppe B"]
[Site "Vellmar"]
[Date "2009.08.02"]
[Round "6.5"]
[White "Schippa, Robert"]
[Black "Shkolnyk, Anastasiya"]
[Result "0-1"]
[WhiteElo "1594"]
[BlackElo "1491"]
[PlyCount "82"]
[EventDate "2009.??.??"]
[EventCountry "GER"]
[WhiteTeam "SV Bückeburg"]
[BlackTeam "Sfr. Korbach"]

1. d4 d5 2. Nf3 Nf6 3. e3 Bg4 4. c4 e6 5. Qb3 Qc8 6. Ne5 Nbd7 7. Nxg4 Nxg4 8.
cxd5 exd5 9. Qxd5 Ngf6 10. Qf3 c5 11. Nc3 cxd4 12. exd4 Bb4 13. Bb5 O-O 14. O-O
Nb6 15. Bg5 Qg4 16. Qxg4 Nxg4 17. h3 h6 18. Bh4 g5 19. Bxg5 hxg5 20. hxg4 Kg7
21. a3 Be7 22. Rad1 Rh8 23. Rfe1 Bd6 24. g3 Rh3 25. Kg2 Rah8 26. Ne4 Be7 27.
Nc5 Rh2+ 28. Kf3 Nd5 29. Bc4 Bxc5 30. dxc5 Nf6 31. Re7 Rf8 32. Rxb7 Kg6 33. c6
Nxg4 34. Rxf7 Ne5+ 35. Ke2 Nxf7 36. c7 Rc8 37. Rd7 Ne5 38. Rd6+ Kg7 39. Rd8
Rxc7 40. Rg8+ Kf6 41. Rf8+ Ke7 0-1